000
00211 a2200097 4500
001
13948
100
_a
Taylor R L
245
_a
A Journey to Matecumbe
260
_a
London
_b
Hutchinson
_c
090
_c
10915
_d
10915
942
_a
NUST-CAE
_c
M
_c
1020
999
_c
249021
_d
249021